000 00359pam a2200157a 44500
008 230515b1995 xxu||||| |||| 00| 0 eng d
020 _aNULL
041 _aENG
082 _a610.73069
100 _aROBERT NEWALL
245 _aDEVELOPING YOUR CAREER IN NURSING
250 _a0
260 _aNULL
_b"CASSELL, ND,"
_c1995
300 _a175
650 _aN.D.
999 _c521253
_d521253